Publication manual of the American Psychological Association (Registro nro. 10857)

000 -CABECERA
Campo de control de longitud fija 01977nam a22003617a 4500
003 - IDENTIFICADOR DEL NÚMERO DE CONTROL
Campo de control OSt
005 - FECHA Y HORA DE LA ÚLTIMA TRANSACCIÓN
Campo de control 20260416130514.0
008 - CÓDIGOS DE INFORMACIÓN DE LONGITUD FIJA
Campo de control de longitud fija 260415t2021 xxu||||| |||| 00| 0 eng d
020 ## - NÚMERO INTERNACIONAL NORMALIZADO PARA LIBROS (ISBN)
Número Internacional Normalizado para Libros (ISBN) 9786074488562
040 ## - FUENTE DE LA CATALOGACIÓN
Centro catalogador de origen Unicoc
Lengua de catalogación spa
Centro que cataloga Bogotá (Dr. David Ordóñez Rueda) - Campus Norte
Centro modificador Bogotá (Dr. David Ordóñez Rueda) - Campus Norte
082 ## - NÚMERO DE LA CLASIFICACIÓN DECIMAL DEWEY
Número de clasificación 808.066
110 ## - PUNTO DE ACCESO PRINCIPAL - NOMBRE DE ENTIDAD CORPORATIVA
9 (RLIN) 12980
Nombre de entidad corporativa o nombre de jurisdicción como elemento inicial APA (American Psychological Association)
245 ## - MENCIÓN DE TÍTULO
Título Publication manual of the American Psychological Association
Subtitulo o Resto del título : The Oficial Guide the APA Style
Mención de responsabilidad etc. / APA (American Psychological Association)
246 ## - VARIANTES DE TÍTULO
Título propio / Titulo en breve Normas APA séptima Edición
250 ## - MENCIÓN DE EDICIÓN
Mención de edición 7 Ed.
260 ## - PUBLICATION, DISTRIBUTION, ETC. (IMPRINT)
Lugar de publicación distribución etc. EEUU :
Nombre del editor distribuidor etc. APA Psycnet ,
Fecha de publicación distribución etc. 2020
500 ## - NOTA GENERAL
Nota general Incluye Índice y Referencias bibliográficas
505 ## - NOTA DE CONTENIDO CON FORMATO
Título Chapter 1: Scholarly writing and publishing principles. --
-- Chapter 2: Paper elements and format. --
-- Chapter 3: Journal article reporting standards. --
-- Chapter 4: Writing style and grammar. --
-- Chapter 5: Bias-free language guidelines. --
-- Chapter 6: Mechanics of style. --
-- Chapter 7: Tables and figures. --
-- Chapter 8: Works credited in the text. --
-- Chapter 9: Reference list. --
-- Chapter 10: Reference examples. --
-- Chapter 11: Legal references. --
-- Chapter 12: Publication process.
526 ## - NOTA DE INFORMACIÓN SOBRE EL PROGRAMA DE ESTUDIO
Institución que aplica el campo Unicoc
546 ## - NOTA DE LENGUA
Nota de lengua Inglés
650 #0 - PUNTO DE ACCESO ADICIONAL DE MATERIA - TÉRMINO DE MATERIA
9 (RLIN) 8330
Término de materia o nombre geográfico como elemento inicial Escritura
Subdivisión de materia general Manuales
650 #0 - PUNTO DE ACCESO ADICIONAL DE MATERIA - TÉRMINO DE MATERIA
9 (RLIN) 4610
Término de materia o nombre geográfico como elemento inicial Ciencias sociales
Subdivisión de forma Publicaciones
Subdivisión de materia general Manuales
650 #0 - PUNTO DE ACCESO ADICIONAL DE MATERIA - TÉRMINO DE MATERIA
9 (RLIN) 1575
Término de materia o nombre geográfico como elemento inicial Norma - Redacción de escritos técnicos.
Subdivisión de materia general Manuales
650 #0 - PUNTO DE ACCESO ADICIONAL DE MATERIA - TÉRMINO DE MATERIA
9 (RLIN) 453
Término de materia o nombre geográfico como elemento inicial Psicología
Subdivisión de forma Publicaciones
Subdivisión de materia general Manuales
650 #0 - PUNTO DE ACCESO ADICIONAL DE MATERIA - TÉRMINO DE MATERIA
9 (RLIN) 11231
Término de materia o nombre geográfico como elemento inicial Normas de citacion y referenciación
650 #0 - PUNTO DE ACCESO ADICIONAL DE MATERIA - TÉRMINO DE MATERIA
9 (RLIN) 12973
Término de materia o nombre geográfico como elemento inicial Normas APA
658 #0 - TÉRMINO DE INDIZACIÓN - OBJETIVO CURRICULAR
9 (RLIN) 10741
Programa Académico Programa de Psicología
658 #0 - TÉRMINO DE INDIZACIÓN - OBJETIVO CURRICULAR
9 (RLIN) 8008
Programa Académico Programa de Derecho
658 #0 - TÉRMINO DE INDIZACIÓN - OBJETIVO CURRICULAR
9 (RLIN) 8314
Programa Académico Programa de Negocios Internacionales
658 #0 - TÉRMINO DE INDIZACIÓN - OBJETIVO CURRICULAR
9 (RLIN) 8382
Programa Académico Programa de Administración de Empresas
856 ## - LOCALIZACIÓN Y ACCESO ELECTRÓNICOS
Texto del enlace Acceso online exclusivo para comunidad Unicoc.
Identificador Uniforme del Recurso (URI) https://unicoceduco-my.sharepoint.com/:b:/g/personal/direccionbiblioteca_unicoc_edu_co/IQCVoV6FKW1BR6v49kArppxuAXz8ZFGaEQu8QxuAh_q7eQA
942 ## - ENTRADA PARA ELEMENTOS AGREGADOS (KOHA)
Fuente de clasificación o esquema de ordenación en estanterías
Koha [por defecto] tipo de item Libro electrónico
Existencias
Fecha última consulta Estropeado Localización permanente Precio Fecha de adquisición Localización actual Código de barras Fuente de clasificación o esquema de ordenación en estanterías Estado de pérdida Fecha del precio de reemplazo No para préstamo Fuente de adquisición Signatura completa Código de colección Tipo de item de Koha
2026-04-15 Bogotá (Dr. David Ordóñez Rueda) - Campus Norte200000.002026-04-15Bogotá (Dr. David Ordóñez Rueda) - Campus NorteEbook10857  2026-04-15 Compra808.066Coleccion OnlineLibro electrónico

© 2014 UNICOC | Institución Universitaria Colegios de Colombia - UNICOC
Bogotá D.C. Autopista Norte Km. 20. Teléfono:(571)6683535
Cali: Calle 13 Norte No. 3N-13. Teléfono: (572)6608887

Con tecnología de Koha